000 00972nam a2200289 a 4500
003 OSt
005 20131105173028.0
008 131105s1992 sz ||||| |||| 00| 0 spa d
020 _a92-4-321009-2
040 _cBiblioteca Medicina
041 _aspa
082 _aOMS QW 23
110 _aOrganizacion Mundial de la Salud
_91006
245 0 0 _aNormas de bioseguridad para laboratorios de diagnostico e investigacion que trabajan con el VIH
250 _a1° ed.
260 _aGinebra
_bOrganizacion Mundial de la Salud
_c1992
300 _a29 p.
440 0 0 _aOMS sobre el SIDA
_n9
_92806
653 _aCONTENCION DE RIESGOS BIOLOGICOS
653 _aHIV
653 _aINFECCIONES POR HIV-PREVENCION Y CONTROL
653 _aLABORATORIOS-NORMAS
653 _aPREVENCION DE ACCIDENTES
856 _yhttp://www.who.int/publications/es/
942 _2ddc
_cPH
999 _c2007
_d2007
952 _pH0258
_40
_00
_bBFM
_10
_oOMS QW 23
_d2013-11-05
_tEj. 1
_8NFIC
_70
_cCR
_2ddc
_yPH
_aBFM